000 00690nab a22002297a 4500
001 22048
003 HDC
007 cr bn ---aaaaa
008 210128c20171113my ||||| |||| 00| 0 eng d
040 _aHDC
245 0 _aSupport for small businesses
336 _atext
_2rdacontent
337 _acomputer
_2rdamedia
338 _aonline resource
_2rdacarrier
650 _aPromotion
_917642
650 _aSmall business
_9208
710 _aThe Star
856 _zRequest full-text at [email protected]
942 _2lcc
942 _cNEWS
942 _kNWSC 006446
999 _c19364
_d19364